Podania a listiny v správnom konaní pred obcou

Listiny a podania predstavujú základné podklady správneho konania pred obcou a zároveň významné dôkazné prostriedky. Príspevok sa venuje postaveniu podaní a listín v správnom konaní pred obcou, ich dôkaznej váhe a zásadám hodnotenia dôkazov podľa správneho poriadku. text dopĺňajú praktické príklady...

Descrizione completa

Salvato in:
Dettagli Bibliografici
Autore principale: Hrtánek, Ladislav
Natura: Capitolo di libro
Lingua:slovacco
Soggetti:
Tags: Aggiungi Tag
Nessun Tag, puoi essere il primo ad aggiungerne!!

MARC

LEADER 00000naa a2200000 4500
001 0314560
005 20260127100707.6
041 0 |a slo 
044 |a SK 
245 1 0 |a Podania a listiny v správnom konaní pred obcou  |c Ladislav Hrtánek 
520 |a Listiny a podania predstavujú základné podklady správneho konania pred obcou a zároveň významné dôkazné prostriedky. Príspevok sa venuje postaveniu podaní a listín v správnom konaní pred obcou, ich dôkaznej váhe a zásadám hodnotenia dôkazov podľa správneho poriadku. text dopĺňajú praktické príklady z rozhodovacej činnosti obcí. 
610 2 0 |a obce 
610 2 0 |a podania súdne 
610 2 0 |a dokumenty 
610 2 0 |a konanie správne 
610 2 0 |a poriadok správny 
610 2 0 |a dôkazy 
610 2 0 |a dokazovanie 
100 1 |a Hrtánek, Ladislav